Behaviorálne aspekty výberu daní

Teoretické prístupy k daňovej spoľahlivosti. Daňová spoľahlivisť posudzovaná správcom dane. Pyramída stratégií zameraných na zvýšenie daňovej spoľahlivosti. Manažment riadenia rizík pri výbere a správe daní.

Salvato in:
Dettagli Bibliografici
Autore principale: Schultzová, Anna
Altri autori: Benko, Peter
Natura: Capitolo di libro
Lingua:slovacco
Soggetti:
Tags: Aggiungi Tag
Nessun Tag, puoi essere il primo ad aggiungerne!!

MARC

LEADER 00000naa a2200000 4500
001 0248206
005 20240502073954.1
041 0 |a slo 
044 |a SK 
245 1 0 |a Behaviorálne aspekty výberu daní  |c Anna Schultzová, Peter Benko 
520 |a Teoretické prístupy k daňovej spoľahlivosti. Daňová spoľahlivisť posudzovaná správcom dane. Pyramída stratégií zameraných na zvýšenie daňovej spoľahlivosti. Manažment riadenia rizík pri výbere a správe daní. 
610 2 0 |a efektívnosť ekonomická 
610 2 0 |a dane 
610 2 0 |a daňovníci 
610 2 0 |a povinnosť daňová 
610 2 0 |a správa daňová 
610 2 0 |a únik daňový 
100 1 |a Schultzová, Anna 
700 1 |a Benko, Peter